Genealogía del racismo /

Guardado en:
Autor Principal: Foucault, Michel
Formato: Libro
Publicado: Madrid : Altamira, 1993
Series:Caronte ensayos
Materias:
Etiquetas: Agregar Etiqueta
Sin Etiquetas, Sea el primero en etiquetar este registro!
LEADER 00531nam a22002055a 4500
001 CEM.cems014040
008 130507s1993##################000#0#####d
005 20210705174558.0
003 CEMS
245 1 0 |a Genealogía del racismo /  |c Michel Foucault 
260 |a Madrid :  |b Altamira,  |c 1993 
300 |a 210 p. 
490 0 |a Caronte ensayos 
590 |a 1139.013 
100 1 |a Foucault, Michel 
653 |a Racismo 
653 |a Poder 
653 |a Verdad 
653 |a Biblioteca TC 
859 |a CEMS  |b BIB. CEMS - 11 de abril  |h TC  |p 1139.013  |t Ej.1